Štatistické meranie a analýza efektívnosti národnej ekonomiky SR a jej regiónov a problémy medzinárodného porovnávania

Informácia o obhajobe dizertačnej práce, ktorá sa konala dňa 12. septembra 2006. V práci je kvantifikovaný a analyzovaný ukazovateľ hrubá pridaná hodnota per capita v ôsmich krajoch SR a 19 vybraných členských krajín EÚ.

Salvato in:
Dettagli Bibliografici
Autore principale: Hurbánková, Ľubica, 1980-
Natura: Capitolo di libro
Lingua:slovacco
Soggetti:
Tags: Aggiungi Tag
Nessun Tag, puoi essere il primo ad aggiungerne!!

MARC

LEADER 00000naa$a2200000$$$4500
001 0060817
005 20240502071657.3
041 0 |a slo 
044 |a SK 
245 1 0 |a Štatistické meranie a analýza efektívnosti národnej ekonomiky SR a jej regiónov a problémy medzinárodného porovnávania  |c Ľubica Hurbánková 
520 |a Informácia o obhajobe dizertačnej práce, ktorá sa konala dňa 12. septembra 2006. V práci je kvantifikovaný a analyzovaný ukazovateľ hrubá pridaná hodnota per capita v ôsmich krajoch SR a 19 vybraných členských krajín EÚ. 
610 2 0 |a práce kvalifikačné 
610 2 0 |a analýza komparatívna 
610 2 0 |a porovnanie medzinárodné 
610 2 0 |a Slovensko 
610 2 0 |a Európska únia 
610 2 0 |a štatistika matematická 
610 2 0 |a regióny 
100 1 |a Hurbánková, Ľubica, 1980-